| 000 | 00848cam a2200229 a 4500 | ||
|---|---|---|---|
| 020 | _a1555876269 (pbk. : alk. paper) | ||
| 020 | _a1555876137 (hardcover : alk. paper) | ||
| 040 | _cDLC | ||
| 082 | 0 | 0 | _a361 LYN 1996 C151 Or. |
| 245 | 0 | 0 | _aNGOs, the UN, and global governance / |
| 260 |
_aBoulder, Colo. : _bLynne Rienner, _c1996 |
||
| 300 |
_a250 p. ; _c23 cm |
||
| 490 | 1 | _aEmerging global issues | |
| 500 | _a"Published in association with the Thomas J Watson, Jr., Institute for International Studies, Brown University"--P. facing t.p | ||
| 650 | 0 | _aNon-governmental organizations | |
| 650 | 0 | _aInternational cooperation | |
| 650 | 0 | _aInternational organization | |
| 700 | 1 | _aWeiss, Thomas G. | |
| 700 | 1 | _aGordenker, Leon, | |
| 710 | 2 | _aThomas J. Watson, Jr. Institute for International Studies (Brown University) | |
| 942 | _cAEDBB | ||
| 999 |
_c18710 _d18710 |
||